Top 10 Città più popolose Provincia di Trapani - Statistics

Statistiche generali
  • Questo quiz è stato fatto 13 volte
  • Il punteggio medio è 6 su 10
Statistiche sulle risposte
Popolazione (ab.) Città % Corretto
80 218 Marsala
100%
58 438 Trapani
100%
11 580 Campobello di Mazara
83%
49 995 Mazara del Vallo
83%
31 824 Castelvetrano
67%
45 314 Alcamo
58%
28 012 Erice
50%
14 603 Castellammare del Golfo
42%
11 487 Paceco
42%
11 951 Valderice
17%
Nessun quiz corrispondente trovato
Distribuzione punteggi
Percentuale di utenti per punteggio
Percentile per numero di risposta
I tuoi punteggi nel tempo
Non hai fatto questo quiz